Normal view
MARC view
- Nayyab, Rida
Entry Personal Name
001 - CONTROL NUMBER
- control field: 125083
003 - CONTROL NUMBER IDENTIFIER
- control field: NUST
005 - DATE AND TIME OF LATEST TRANSACTION
- control field: 20240809160504.0
008 - FIXED-LENGTH DATA ELEMENTS
- fixed length control field: 240809|| aca||aabn | a|a d
040 ## - CATALOGING SOURCE
- Original cataloging agency: NUST
- Transcribing agency: NUST
100 ## - HEADING--PERSONAL NAME
- Personal name: Nayyab, Rida
670 ## - SOURCE DATA FOUND
- Source citation: Work cat.: (NUST): Nayyab, Rida, Multi-Class Classification of ECG Data for Comprehensive Cardiac Abnormality Detection Through Machine Learning /
